banner-ar

Picture Atlas of the World / (Record no. 17154)

MARC details
000 -الفاتح
حقل البيانات ثابتة الطول 00541nam a2200193Ia 4500
008 - عناصر البيانات ثابتة الطول - معلومات عامة
حقل البيانات ثابتة الطول 140319s9999 xx 000 0 eng d
040 ## - مصدر الفهرسة
وكالة الفهرسة الأصلية GCL /
وكالة النسخ GCL
082 04 - رقم تصنيف ديوى العشرى
رقم التصنيف C H
رقم المادة 912
-- O P
100 1# - المدخل الرئيسى - إسم شخصى
الإسم الشخصى OGLIVIE, BRUCE
245 10 - بيان العنوان
العنوان Picture Atlas of the World /
بيان المسئوليه,etc OGLIVIE, BRUCE
700 1# - المدخل الاضافى - اسم شخصى
الإسم الشخصى WAIHEY, DAUGLAS
260 ## - PUBLICATION, DISTRIBUTION, ETC. (IMPRINT)
تاريخ النشر أو التوزيع 1979
300 ## - الوصف المادى
التعداد 96 P
650 04 - المدخل الاضافى بالموضوع-مصطلح موضوعى
مصطلح موضوعي ZOOGEOGRAPH
650 04 - المدخل الاضافى بالموضوع-مصطلح موضوعى
مصطلح موضوعي PICTURE - BOOKS FOR CHILDREN
650 04 - المدخل الاضافى بالموضوع-مصطلح موضوعى
مصطلح موضوعي CHILDREN - ENCYCLOPEDIAS AND DICTIONARY
942 ## - عناصر المدخل الإضافي( كوها)
مصدر التصنيف او مخطط الترفيف Dewey Decimal Classification
Koha [default] item type كتاب
260 ## - PUBLICATION, DISTRIBUTION, ETC. (IMPRINT)
-- [S.N] :
-- RAND MC NALLY & COMPANY ،
Holdings
حالة التراجع حالة الفقد حالة تلف ليس للاعارة المكان المؤقت الموقع الحالى تاريخ الاكتساب اجمالي اﻻعارات رقم الطلب الباركود تاريخ اخر مشاهدة تاريخ تفعيل السعر نوع وعاء كوها
        مكتبة القاهرة الكبرى مكتبة القاهرة الكبرى 03/26/2014   C H\912\O P 30927 03/26/2014 03/26/2014 كتاب
        مكتبة القاهرة الكبرى مكتبة القاهرة الكبرى 03/26/2014   C H\912\O P 30928 03/26/2014 03/26/2014 كتاب

Powered By

EGPV